Cuentos para otros milenios : (Registro nro. 7248)

Detalles MARC
000 -LIDER
fixed length control field 00914nam a2200277 a 4500
001 - NÚMERO DE CONTROL
Identificador de número de control 000017282
003 - IDENTIFICACDOR DE NÚMERO DE CONTROL
control field DO-SdBNP
005 - DATE AND TIME OF LATEST TRANSACTION
control field 20221005131349.0
007 - CAMPOS FIJOS DE DESCRIPCIÓN FÍSICA
fixed length control field 000017282
008 - ELEMENTOS DE LONGITUD FIJA
fixed length control field 100322s2000 dr 001 j spa d
020 ## - ISBN
Canceled/invalid ISBN 9993432032
040 ## - FUENTE DE CATALOGACIÓN
Agencia que crea de manera original el registro BPMSU
Idioma de catalogación spa
Agencia que realiza la transcripción BPMSU
049 ## - LOCAL HOLDINGS (OCLC)
Holding library
082 #4 - NÚMERO DE CLASIFICACIÓN DECIMAL DE DEWEY
Classification number RD863.4408
Item number V443c 2000
Edition number 22
100 1# - ASIENTO PRINCIPAL -- NOMBRE PERSONAL
Nombre personal Veloz Maggiolo, Marcio,
Fechas asociadas con el nombre 1936-2021
245 10 - MENCIÓN DE TITULO
Título Cuentos para otros milenios :
Subtítulo antología personal /
Mención de responsabilidad Marcio Veloz Maggiolo
260 ## - PUBLICACIÓN, DISTRIBUCIÓN, ETC. (PIE DE IMPRENTA)
Lugar de publicación, distribución, etc Santo Domingo :
Nombre del editor, distribuidor, etc. Editorial Cole,
Fecha de publicación, distribución, etc 2000.
300 ## - DESCRIPCIÓN FÍSICA
Extensión 200 p. ;
Dimensiones 22 cm.
500 ## - NOTA GENERAL
Materiales especificados Incluye datos biográficos del autor en la contracubierta
590 ## - NOTA LOCAL
Enlace Inventariado, 2022/VM
600 14 - ENCABEZAMIENTO DE MATERIA--NOMBRE PERSONAL
Nombre personal Veloz Maggiolo, Marcio
Fechas asociadas con el nombre 1936-
Subdivisión temática general Crítica e interpretación
650 #4 - ENCABEZAMIENTO DE MATERIA--TEMÁTICO
Término temático o nombre geográfico como elemento de entrada Cuentos dominicanos
Subdivisión temática general Antologías
650 #4 - ENCABEZAMIENTO DE MATERIA--TEMÁTICO
Término temático o nombre geográfico como elemento de entrada Literatura dominicana
910 ## - VALIDACIÓN
Validación VMateo V./ Validado. Control de calidad BNPHU
942 ## - ADDED ENTRY ELEMENTS (KOHA)
Source of classification or shelving scheme Dewey Decimal Classification
Koha item type Libros
Existencias
Withdrawn status Lost status Source of classification or shelving scheme Damaged status Not for loan Collection code Home library Current library Date acquired Source of acquisition Full call number Barcode Date last seen Copy number Price effective from Koha item type
    Dewey Decimal Classification     Colección Dominicana Biblioteca Pública Metropolitana Salomé Ureña Biblioteca Pública Metropolitana Salomé Ureña 01/28/2015 FUNDI BPMSU CD RD863.4408 V443c 2000 BPMSU15040811 01/28/2015 01/28/2015 Libros